Interpreting astronomical spectra (Record no. 14754)

MARC details
000 -LEADER
fixed length control field 00606nam a2200217Ia 4500
003 - CONTROL NUMBER IDENTIFIER
control field IN-BaIIA
008 - FIXED-LENGTH DATA ELEMENTS--GENERAL INFORMATION
fixed length control field 211028s9999 xx 000 0 eng d
020 ## - INTERNATIONAL STANDARD BOOK NUMBER
International Standard Book Number 0-471-94176-X
040 ## - CATALOGING SOURCE
Transcribing agency IIA Library
080 ## - UNIVERSAL DECIMAL CLASSIFICATION NUMBER
Universal Decimal Classification number 52-355
Item number EME
100 ## - MAIN ENTRY--PERSONAL NAME
Personal name Emerson, D
9 (RLIN) 21079
245 #0 - TITLE STATEMENT
Title Interpreting astronomical spectra
Statement of responsibility, etc. D. Emerson
260 ## - PUBLICATION, DISTRIBUTION, ETC.
Place of publication, distribution, etc. Chichestra
Name of publisher, distributor, etc. John Wiley & Sons
Date of publication, distribution, etc. 1996
300 ## - PHYSICAL DESCRIPTION
Extent vi, 461p.
500 ## - GENERAL NOTE
General note Photocopy of Original
650 ## - SUBJECT ADDED ENTRY--TOPICAL TERM
Topical term or geographic name entry element Gaseous Nebulae
9 (RLIN) 2296
650 ## - SUBJECT ADDED ENTRY--TOPICAL TERM
Topical term or geographic name entry element Photoionized Clouds
9 (RLIN) 26469
650 ## - SUBJECT ADDED ENTRY--TOPICAL TERM
Topical term or geographic name entry element Radiative Transfer
9 (RLIN) 1568
650 ## - SUBJECT ADDED ENTRY--TOPICAL TERM
Topical term or geographic name entry element Stellar Spectra
9 (RLIN) 2838
942 ## - ADDED ENTRY ELEMENTS (KOHA)
Koha item type Books
Holdings
Withdrawn status Lost status Damaged status Not for loan Home library Current library Shelving location Date acquired Total Checkouts Full call number Barcode Date last seen Price effective from Koha item type
        IIA Library-Bangalore IIA Library-Kavalur General Stacks 27/08/2002   52-355/ EME 15676 05/11/2021 27/08/2002 Books

Powered by Koha